|
|
|
|
| LEADER |
00000nam a22000007a 4500 |
| 005 |
20201218115823.0 |
| 007 |
cr|||| |||| |
| 008 |
201218s2017 co |||||s|||| 00||0 spa d |
| 020 |
|
|
|a 978-958-781-072-1
|
| 035 |
|
|
|a 32386
|
| 040 |
|
|
|a vLex
|
| 090 |
|
|
|c 10993
|d 10993
|
| 100 |
1 |
|
|a Vallejo Meja̕, Maryluz
|
| 245 |
1 |
3 |
|a Los cercos del debate sobre la restitucin̤ de tierras
|h [Recurso electrn̤ico] :
|b Encuadres retr̤icos de la Ley 1448 de 2011 en la prensa colombiana nacional y regional /
|c Maryluz Vallejo Meja̕, Catalina Montoya Londoǫ
|
| 256 |
|
|
|a Servicio en ln̕ea
|
| 260 |
|
|
|a Bogot:̀
|b Pontificia Universidad Javeriana,
|c 2017
|
| 300 |
|
|
|a 1 recurso electrn̤ico
|
| 500 |
|
|
|a Los cercos del debate sobre la restitucin̤ de tierras- ofrece elementos de reflexin̤ al debate democrt̀ico sobre la Ley de 1448 o Ley de Vc̕timas y Restitucin̤ de Tierras, que tiene como fin resarcir a las vc̕timas del conflicto armado y promover la paz desde un enfoque agrario y de justicia transicional, cuando el pas̕ se proyecta hacia el posconflicto. Maryluz Vallejo y Catalina Montoya reconstruyen la trayectoria del debate pb︢lico sobre el tema de la restitucin̤ de tierras con un aparato ter̤ico e instrumental que desborda las matrices comunes de los observatorios de medios.
|
| 506 |
1 |
|
|a Disponible solo en los productos indicados
|d vLex Global
|d vLex Global (Academic Edition, excluding Law Schools)
|d vLex Global (U.S. Academic Edition, Law Schools)
|d vLex Global (U.S. Academic Edition, excluding Law Schools)
|d vLex Global (Academic Edition, Law Schools)
|
| 650 |
0 |
4 |
|a Ciencias sociales
|z Colombia
|
| 650 |
0 |
4 |
|a Sociologa̕
|z Colombia
|
| 700 |
1 |
|
|a Montoya Londoǫ, Catalina
|
| 740 |
0 |
|
|a vLex Libros (Servicio en ln̕ea)
|
| 856 |
4 |
0 |
|u http://vlex.com/source/cercos-del-debate-sobre-la-restitucion-de-tierras-encuadres-retoricos-de-la-ley-1448-de-2011-en-la-prensa-colombiana-nacional-y-regional-32386
|z Acceso restringido
|
| 942 |
|
|
|c BOOK
|
| 999 |
0 |
|
|a Social Sciences
|
| 999 |
0 |
|
|a Sociology
|